| 000 | 00613nam a22002177a 4500 | ||
|---|---|---|---|
| 003 | DO-SdBNP | ||
| 005 | 20180226105803.0 | ||
| 008 | 151005b 200 1973 xxu a 00| 0 spa d | ||
| 040 |
_aBPMSU _bspa _cBPMSU |
||
| 082 | 4 |
_axxxx _bxxxx |
|
| 100 | 1 | _aDisney´s, Walt | |
| 245 | 1 | 0 |
_aPinocchio : _band his puppet show adventure / _cWalt Disney´s |
| 260 |
_aNew York : _bRandom house, _c1973. |
||
| 300 |
_a40 p. : _bil. ; _c23 cm. |
||
| 490 | 1 | _aWonderful world of reading | |
| 830 | 0 | _aWonderful world of reading | |
| 910 | _a144 | ||
| 942 |
_2ddc _cBK |
||
| 945 | _aInventariado, 2018 / BT | ||
| 956 | _aYngrid Lockward | ||
| 999 |
_c9298 _d9298 |
||